000
00314nam a22001337a 4500
008
170331b xxu||||| |||| 00| 0 eng d
020
_a
9780838514009
041
_a
eng
080
_2
13 ED
_a
616-053.2
100
_a
8
101
_a
SHM
245
_a
CURRENT PEDIATRIC DIAGNOSIS TREATMENT
_c
HAY.W.W
942
_2
udc
_c
BK
999
_c
9202
_d
9202